Lógica y ética
Compilación de dos ramas de pensamiento del sistema filosófico de Balmes, la primera dedicada a la Lógica, donde se desarrollan cuestiones como la memoria imaginativa y la inventiva de la imaginación, el entendimiento, y el método. Mientras que la segunda obra corresponde a la filosofía moral o étic...
Enregistré dans:
| Auteur principal: | |
|---|---|
| Format: | Livre |
| Langue: | Undetermined |
| Publié: |
Buenos Aires, Argentina
Editorial Sopena
1939
|
| Sujets: | |
| Tags: |
Ajouter un tag
Pas de tags, Soyez le premier à ajouter un tag!
|
MARC
| LEADER | 00000nam a2200000Ia 4500 | ||
|---|---|---|---|
| 008 | 170316s9999 xx 000 0 und d | ||
| 040 | |a cru BVZT | ||
| 090 | |a 100 B-6L | ||
| 100 | |a Balmes, Jaime L. |9 1566 | ||
| 245 | |a Lógica y ética |c / Jaime L. Balmes | ||
| 260 | |a Buenos Aires, Argentina |b Editorial Sopena |c 1939 | ||
| 300 | |a 187 p. | ||
| 520 | |a Compilación de dos ramas de pensamiento del sistema filosófico de Balmes, la primera dedicada a la Lógica, donde se desarrollan cuestiones como la memoria imaginativa y la inventiva de la imaginación, el entendimiento, y el método. Mientras que la segunda obra corresponde a la filosofía moral o ética del autor, con temas como la existencia de las ideas morales, las relaciones entre moralidad y utilidad, los deberes para con Dios y consigo mismo, el suicidio, el orden público, entre muchas otras. | ||
| 650 | |a FILOSOFÍA |9 5 | ||
| 650 | |a LÓGICA |9 121 | ||
| 999 | |c 15804 |d 15804 | ||
| 942 | |c 15 D |h 100 B-6L |2 z | ||
